Использование платформы Google scholar для формирования информационной базы исследования; Лингвистические и культурологические аспекты современного инженерного образования

Bibliografiske detaljer
Parent link:Лингвистические и культурологические аспекты современного инженерного образования.— 2024.— С. 113-117
Hovedforfatter: Лысунец Т. Б. Татьяна Борисовна
Summary:Данная статья исследует проблему возможности использования платформы Google scholar для формирования информационной базы исследования. Путем составления запроса и анализа полученных данных была доказана возможность, но нецелесообразность использования данной платформы для поиска научных публикаций. Также были выдвинуты предположения о причинах малого цитирования некоторых материалов
Текстовый файл
Sprog:russisk
Udgivet: 2024
Fag:
Online adgang:http://earchive.tpu.ru/handle/11683/82009
Format: MixedMaterials Electronisk Book Chapter
KOHA link:https://koha.lib.tpu.ru/cgi-bin/koha/opac-detail.pl?biblionumber=677589

MARC

LEADER 00000naa2a2200000 4500
001 677589
005 20250114115316.0
090 |a 677589 
100 |a 20241219d2024 k||y0rusy50 ca 
101 0 |a rus 
102 |a RU 
135 |a drcn ---uucaa 
200 1 |a Использование платформы Google scholar для формирования информационной базы исследования  |f Т. Б. Лысунец 
320 |a Литература: 3 назв 
330 |a Данная статья исследует проблему возможности использования платформы Google scholar для формирования информационной базы исследования. Путем составления запроса и анализа полученных данных была доказана возможность, но нецелесообразность использования данной платформы для поиска научных публикаций. Также были выдвинуты предположения о причинах малого цитирования некоторых материалов 
336 |a Текстовый файл 
463 1 |0 677503  |t Лингвистические и культурологические аспекты современного инженерного образования  |o сборник тезисов V Международной научно-практической конференции «Лингвистические и культурологические аспекты современного инженерного образования», Томск, 13-15 ноября 2024 г.  |f Национальный исследовательский Томский политехнический университет (ТПУ); гл. ред. Ю. В. Кобенко  |v С. 113-117  |d 2024  |9 677503  |c Томск  |n Изд-во ТПУ  |u conference_tpu-2024-C85_V1.pdf 
610 1 |a электронный ресурс 
610 1 |a труды учёных ТПУ 
610 1 |a поисковая система 
610 1 |a искусственный интеллект 
610 1 |a информационная база исследования 
610 1 |a актуальные направления научных знаний 
610 1 |a научные публикации 
700 1 |a Лысунец  |b Т. Б.  |c лингвист  |c старший преподаватель Томского политехнического университета  |f 1976-  |g Татьяна Борисовна  |9 13272 
801 2 |a RU  |b 63413507  |c 20241219  |g RCR 
856 4 |u http://earchive.tpu.ru/handle/11683/82009  |z http://earchive.tpu.ru/handle/11683/82009 
942 |c CF